00406 a2200145 4500020001800000040001300018082001700031100001600048110001900064245009400083260002900177300001100206650002700217700001600244 a9780387745176 aDLCbDLC a621.3827 DUT aRudra Dutta aAhmed E. Kamal aTraffic Grooming for Optical Networks: foundations, techniques and frontierscRudra Dutta aNew YorkbSpringerc2008 a295 p. aOptical communications aRudra Dutta